La morale des philosophes chinois (Record no. 157003)
[ view plain ]
| 000 -LEADER | |
|---|---|
| campo de control de longitud fija | 00934nam a2200229 i 4500 |
| 001 - NÚMERO DE CONTROL | |
| campo de control | 157003 |
| 003 - IDENTIFICADOR DE NÚMERO DE CONTROL | |
| campo de control | ES-MaACL |
| 005 - FECHA Y HORA DE LA ÚLTIMA TRANSACCIÓN | |
| campo de control | 20230906210544.0 |
| 008 - DATOS DE LONGITUD FIJA--INFORMACIÓN GENERAL | |
| campo de control de longitud fija | 990504s1896 fr |||| | fre d |
| 040 ## - FUENTE DE CATALOGACIÓN | |
| Centro catalogador/agencia de origen | CCPB | B |
| Lengua de catalogación | spa |
| Centro/agencia transcriptor | CCPB | B |
| 100 0# - ENTRADA PRINCIPAL--NOMBRE DE PERSONA | |
| Nombre de persona | Lanessan, Jean-Louis de. |
| 9 (RLIN) | 182990 |
| 245 13 - MENCIÓN DEL TÍTULO | |
| Título | La morale des philosophes chinois |
| Resto del título | : extraite des livres classiques de la Chine et de l'Annam / |
| Mención de responsabilidad, etc. | par J. L. de Lanessan. |
| 260 ## - PUBLICACIÓN, DISTRIBUCIÓN, ETC. | |
| Lugar de publicación, distribución, etc. | Paris : |
| Nombre del editor, distribuidor, etc. | Ancienne Librairie Germer Baillière et Cie : |
| -- | Félix Alcan, éditeur, |
| Fecha de publicación, distribución, etc. | 1896. |
| 300 ## - DESCRIPCIÓN FÍSICA | |
| Extensión | 124, [2] p. ; |
| Dimensiones | 19 cm. |
| 490 1# - MENCIÓN DE SERIE | |
| Mención de serie | Bibliothéque de philosophie contemporaine |
| 597 ## - NOTA DE DESCRIPCIÓN FÍSICA | |
| NOTA DE DESCRIPCIÓN FÍSICA | Antep. |
| 598 ## - NOTA LOCAL | |
| Nota local | La mención de res. consta en cub. |
| 650 #4 - PUNTO DE ACCESO ADICIONAL DE MATERIA--TÉRMINO DE MATERIA | |
| Término de materia o nombre geográfico como elemento de entrada | Ética- |
| Subdivisión general | Historia. |
| 9 (RLIN) | 12581 |
| 830 0# - PUNTO DE ACCESO ADICIONAL DE SERIE-TÍTULO UNIFORME | |
| Título uniforme | Bibliothéque de philosophie contemporaine |
| 9 (RLIN) | 181027 |
| 852 ## - LOCALIZACIÓN | |
| Ubicación | ES-MaACL |
| Número de control de estantería | F-11918 |
| Nota libre | -- Enc. hol. |
| Encuadernación | -- Edic.: El imp. es: Evreux, Imprimerie de Charles Hérissey |
| Estatus retirado | Estado de pérdida | Estado de daño | No para préstamo | Colección | Biblioteca de origen | Biblioteca actual | Ubicación en estantería | Fecha de adquisición | Fuente de adquisición | Total de préstamos | Signatura topográfica completa | Código de barras | Visto por última vez | Precio de reemplazo | Tipo de ítem Koha |
|---|---|---|---|---|---|---|---|---|---|---|---|---|---|---|---|
| Libros del s. XIX | Biblioteca del Ateneo de Madrid | Biblioteca del Ateneo de Madrid | Sala Pecera Planta 2 | 17/01/2008 | F-11918 | 1164269 | 23/02/2023 | 23/02/2023 | Libro impreso antiguo |
